Acoustical oceanography : (Record no. 68146)

000 -LEADER
fixed length control field 01007cam a2200313 i 4500
001 - CONTROL NUMBER
control field 4137857
003 - CONTROL NUMBER IDENTIFIER
control field NUST - PNEC
005 - DATE AND TIME OF LATEST TRANSACTION
control field 20170116181042.0
008 - FIXED-LENGTH DATA ELEMENTS--GENERAL INFORMATION
fixed length control field 770203s1977 nyu b 001 0 eng
010 ## - LIBRARY OF CONGRESS CONTROL NUMBER
LC control number 77001133
020 ## - INTERNATIONAL STANDARD BOOK NUMBER
International Standard Book Number 0471160415
040 ## - CATALOGING SOURCE
Transcribing agency LIBRARY
050 00 - LIBRARY OF CONGRESS CALL NUMBER
Classification number QC242.2
Item number .C55
082 00 - DEWEY DECIMAL CLASSIFICATION NUMBER
Classification number 551.4601 CLA
100 1# - MAIN ENTRY--PERSONAL NAME
Personal name Clay, Clarence S.
Fuller form of name (Clarence Samuel),
Dates associated with a name 1923-
245 10 - TITLE STATEMENT
Title Acoustical oceanography :
Remainder of title principles and applications /
Statement of responsibility, etc. Clarence S. Clay, Herman Medwin.
260 ## - PUBLICATION, DISTRIBUTION, ETC.
Place of publication, distribution, etc. New York :
Name of publisher, distributor, etc. Wiley,
Date of publication, distribution, etc. c1977.
300 ## - PHYSICAL DESCRIPTION
Extent xviii, 544 p. :
Other physical details ill. ;
Dimensions 24 cm.
490 0# - SERIES STATEMENT
Series statement Ocean engineering, a Wiley series
500 ## - GENERAL NOTE
General note "A Wiley-Interscience publication."
500 ## - GENERAL NOTE
General note Includes index.
504 ## - BIBLIOGRAPHY, ETC. NOTE
Bibliography, etc. note Bibliography: p. 526-536.
650 #0 - SUBJECT ADDED ENTRY--TOPICAL TERM
Topical term or geographic name entry element Underwater acoustics.
General subdivision ME
650 #0 - SUBJECT ADDED ENTRY--TOPICAL TERM
Topical term or geographic name entry element Seawater
General subdivision Acoustic properties.
650 #0 - SUBJECT ADDED ENTRY--TOPICAL TERM
Topical term or geographic name entry element Oceanography.
700 1# - ADDED ENTRY--PERSONAL NAME
Personal name Medwin, Herman,
Dates associated with a name 1920-
Relator term joint author.
906 ## - LOCAL DATA ELEMENT F, LDF (RLIN)
a 7
b cbc
c orignew
d 1
e ocip
f 19
g y-gencatlg
942 ## - ADDED ENTRY ELEMENTS (KOHA)
Source of classification or shelving scheme
Koha item type Book
Holdings
Withdrawn status Lost status Source of classification or shelving scheme Damaged status Not for loan Permanent Location Current Location Shelving location Date acquired Total Checkouts Full call number Barcode Date last seen Price effective from Koha item type
          Pakistan Navy Engineering College (PNEC) Pakistan Navy Engineering College (PNEC)       551.4601 CLA PNECLIB-017277 09/22/2015   Book
© 2023 Central Library, National University of Sciences and Technology. All Rights Reserved.